000 00517nam a2200193Ia 4500
005 20250508150646.0
008 008 250505s9999 xx 000 0 eng d
037 _aTextual
040 _aFEDL
_beng
_cFEDL
041 _aeng
_2eng
084 _a372, MAS
_qFEDL
100 _aMason
245 0 _aSchool education
260 _aLondon, UK
_bKegan Paul, Trench, Trubner and Co Ltd
_c1929
300 _a287p
650 _aElementary Education
942 _cTEXL
_h372, MAS
999 _c1324871
_d1324871